Aby nás nezomlel mlynček nekultúrnosti a nezabudli sme na Eckerdta

Bibliographic Details
Main Author: Barnišinová, Eva (Author)
Format: Article
Language:Slovak
PhysicalDescription:Fotografie
ISSN:1338-7073
Subjects:
Online Access:http://zajtrajsienoviny.sk/2019/07/aby-nas-nezomlel-mlyncek-nekulturnosti-a-nezabudli-sme-na-eckerdta/

MARC

LEADER 00000nab a2200000u 4500
001 vtls011880021
003 SK-MaSNL
005 20260304223904.0
008 190802|2019 xo ||||||| || ||slo|
038 |a KEVKJB 
040 |a KEVKJB  |b slo  |e rda 
041 0 |a slo 
043 |a e-xo--- 
044 |a xo  |c SK 
072 7 |a 72/76  |x Výtvarné umenie  |2 konspekt 
080 |a 72/76:069  |2 2011 
100 1 |a Barnišinová, Eva  |4 aut  |9 266947 
245 1 0 |a Aby nás nezomlel mlynček nekultúrnosti a nezabudli sme na Eckerdta  |c Eva Barnišinová 
300 |b Fotografie 
336 |a text  |b txt  |2 rdacontent 
337 |a bez média  |b n  |2 rdamedia 
338 |a zväzok  |b nc  |2 rdacarrier 
600 1 7 |a Eckerdt, Alexander,  |d 1932-1992  |2 kevkjb  |9 36946 
610 2 7 |a Malá galéria Alexandra Eckerdta (Košice, Slovensko)  |2 kevkjb  |9 1494942 
650 0 7 |a maliari  |2 kevkjb  |9 3150 
650 0 7 |a dobové fotografie  |2 kevkjb  |9 873477 
650 0 7 |a galérie  |2 kevkjb  |9 21513 
651 7 |a Košice (Slovensko)  |2 kevkjb  |9 18694 
773 0 |t Zajtrajšie noviny  |g Roč. VIII, č. 13 (2019), s. 7  |x 1338-7073 
852 |a KEVKJB  |b KIS3GCP 
856 4 1 |u http://zajtrajsienoviny.sk/2019/07/aby-nas-nezomlel-mlyncek-nekulturnosti-a-nezabudli-sme-na-eckerdta/ 
999 |c 3170149  |d 3172079